01101nam a2200313Ia 450000100060000000300100000600500170001600700030003300800410003602000180007704000350009504100080013008200160013810000170015424501270017125000200029826400320031830000480035033600270039833700330042533800280045849000160048650000480050260000860055065000380063665000440067465000270071870000420074557234CO-BoRNBP20250605154815.0ta180109s2014 sp g 000 0 spa  a9788434226838 aCO-BoRNBPbspaerdacCO-BoRNBP aspa04a923.1bM13m1 aMiranda, Pau10aMe llamo... Alejandro Magnoben unos años levanté un colosal imperiocPau Miranda ; ilustraciones de Christian Inaraja aSexta edición 1aBarcelonabParramónc2014 a64 páginasbilustraciones a colorc21 cm. atextobtxt2rdacontent asin mediaciónbn2rdamedia avolumenbnc2rdacarrier0 aMe llamo... aContiene tabla cronológica sobre el autor14aAlexandre Magnod356-323 A.CvBiografíasxVida social y costumbresxEmperadores00aBiografiasxVida política2LEMB04aGreciavBiografíasxEmperadores2LEMB04aGreciaxHistoria2LEMB1 aInaraja, Christiand1972-eilustrador